MARC

LEADER 00000nbm0a2200000 4500
001 350901
005 20231102010341.0
035 |a (RuTPU)RU\TPU\retro\5281 
090 |a 350901 
100 |a 20190314d1941 k y0rusy50 ca 
101 0 |a rus 
102 |a RU 
105 |a a p 000zy 
200 1 |a Морозостойкость компаунда Э-3 и втулок заполненных этим компаундом  |e отчет о НИР  |f Томский государственный университет (ТГУ), Сибирский физико-технический институт им. В. Д. Кузнецова (СФТИ) ; руководитель А. А. Воробьев ; исполнители Н. А. Приходько ; А. Н. Снегирев ; В. М. Дуков 
210 |a Томск  |c [Б. и.]  |d 1941 
215 |a 29 с.  |c ил. 
317 |5 63413507: КР-6263  |a Поступила в НТБ в 1987 г. в дар от вдовы ученого Е. К. Завадовской 
606 1 |a Компаунды  |2 stltpush  |3 (RuTPU)RU\TPU\subj\14977  |9 41293 
610 1 |a электрофизические свойства 
610 1 |a низкие температуры 
610 1 |a морозоустойчивость 
610 1 |a фосфор 
610 1 |a чугун 
610 1 |a пробивные напряжения 
610 1 |a диэлектрические потери 
610 1 |a отчеты о НИР 
610 1 |a библиотека А. А. Воробьева 
675 |a 621.315.616.97  |v 4 
702 1 |a Воробьев  |b А. А.  |c российский физик  |c ректор Томского политехнического института, профессор  |f 1909-1981  |g Александр Акимович  |x TPU  |2 stltpush  |3 (RuTPU)RU\TPU\pers\12805  |4 673 
702 1 |a Приходько  |b Н. А.  |4 677 
702 1 |a Снегирев  |b А. Н.  |4 677 
702 1 |a Дуков  |b В. М.  |4 677 
712 0 2 |a Томский государственный университет (ТГУ)  |b Сибирский физико-технический институт им. В. Д. Кузнецова (СФТИ)  |2 stltpush  |3 (RuTPU)RU\TPU\col\861 
801 1 |a RU  |b 63413507  |c 20190314 
801 2 |a RU  |b 63413507  |c 20190515  |g RCR 
942 |c BK